000 00279nam a2200121 a 4500
008 101208s1948|||| d
100 1 _aMrlian, Rudolf
245 1 0 _aDva roky Ĩinohry ND
260 _bTatran
_aBratislava
_c1948
020 _c10
041 _aslo
044 _axo
_cSK
999 _c14913
_d14913